| 000 | 00382nam a2200157Ia 4500 | ||
|---|---|---|---|
| 008 | 221030s9999 xx 000 0 und d | ||
| 020 | _a8170081521 | ||
| 041 | _aEnglish | ||
| 082 |
_a105.23 _bBal |
||
| 100 | _aN. P. Bali | ||
| 245 | 0 |
_aGolden Integral Calculus _cby N. P. Bali |
|
| 260 |
_bLaxmi Pub. _aNew Delhi _c2001 |
||
| 300 | _a723 | ||
| 650 | _aBE Mathematics | ||
| 942 | _cBK | ||
| 999 |
_c6964 _d6964 |
||